Leyenda del río Limay y el Neuquén.
Guardado en:
| Formato: | Libro |
|---|---|
| Idioma: | Undetermined |
| Publicado: |
Buenos Aires :
Producciones Mawis,
2004.
|
| Edición: | 1a ed. |
| Series: | Leyendas argentinas ;
15 |
| Materias: | |
| Etiquetas: |
Agregar Etiqueta
Sin Etiquetas, Sea el primero en etiquetar este registro!
|
| LEADER | 00506nam a22001695a 4500 | ||
|---|---|---|---|
| 001 | CEM.cems024259 | ||
| 008 | 240822s2004####ag############000#0#und#d | ||
| 005 | 20240823100940.0 | ||
| 245 | 1 | 0 | |a Leyenda del río Limay y el Neuquén. |
| 250 | |a 1a ed. | ||
| 260 | |a Buenos Aires : |b Producciones Mawis, |c 2004. | ||
| 300 | |a 8 p. | ||
| 490 | 1 | |a Leyendas argentinas ; |v 15 | |
| 020 | |a 987916671X | ||
| 653 | |a Leyendas | ||
| 653 | |a Leyendas argentinas | ||
| 859 | |a CEMS |b BIB. CEMS - Inicial y Primaria |h 398.2 |i M449-8 |k IP |p 3073 |t Ej.1 | ||
